000 00259nam a22001097a 4500
008 240613b |||||||| |||| 00| 0 eng d
100 _aGargi, Balwant
_915419
245 _aDhoni Di Agg
260 _aDelhi:
_bNavyug Pub.;
_c1968.
300 _a89p.
942 _cBK
999 _c39586
_d39586